000
00312nam a22001337a 4500
020
_q
HB
040
_c
FIZZA ISHAQ
082
_a
628.7466
_b
BOW
100
_a
BOWMAN,
_9
90719
245
_a
MANURE PATHOGEN MANURE MANAGEMENT /
_c
BOWMAN
260
_b
MC GRAW HILL,
_c
2009.
300
_a
568 P. ;
942
_2
ddc
_c
BK
999
_c
588932
_d
588932